000 00594nam a2200193Ia 4500
008 090123s9999 xx 000 0 und d
082 _b38142
100 _aवेदम जयशंकर
245 _aराहुल द्रविड
250 _a1
260 _bचिनार प्रकाशन
_c2004
300 _a118
600 _aवेदम जयशंकर
630 _aराहुल द्रविड
700 _aवेदम जयशंकर
700 _aकिणीकर अनिल
730 _aराहुल द्रविड
942 _cBOOK
999 _c76132
_d76132